World history / (Record no. 3454)
[ view plain ]
| 000 -LEADER | |
|---|---|
| fixed length control field | 01560nam a22002417a 4500 |
| 001 - CONTROL NUMBER | |
| control field | 3454 |
| 003 - CONTROL NUMBER IDENTIFIER | |
| control field | FISKH |
| 005 - DATE AND TIME OF LATEST TRANSACTION | |
| control field | 20240306161817.0 |
| 008 - FIXED-LENGTH DATA ELEMENTS--GENERAL INFORMATION | |
| fixed length control field | 240306b cb ||||| |||| 00| 0 eng d |
| 020 ## - INTERNATIONAL STANDARD BOOK NUMBER | |
| International Standard Book Number | 9780547485805 |
| 040 ## - CATALOGING SOURCE | |
| Original cataloging agency | FISKH |
| Language of cataloging | eng |
| Transcribing agency | FISKH |
| Modifying agency | FISKH |
| 050 ## - LIBRARY OF CONGRESS CALL NUMBER | |
| Classification number | D21.B87 |
| 082 ## - DEWEY DECIMAL CLASSIFICATION NUMBER | |
| Classification number | 930 |
| 100 ## - MAIN ENTRY--PERSONAL NAME | |
| Personal name | Burstein, Stanley M. |
| 245 ## - TITLE STATEMENT | |
| Title | World history / |
| Statement of responsibility, etc. | Stanley M. Burstein ; Richard Shek |
| 260 ## - PUBLICATION, DISTRIBUTION, ETC. | |
| Place of publication, distribution, etc. | Florida : |
| Name of publisher, distributor, etc. | Holt Mcdougal, |
| Date of publication, distribution, etc. | 2012. |
| 300 ## - PHYSICAL DESCRIPTION | |
| Extent | 688, 55 pages : |
| Other physical details | color illustrations ; |
| Dimensions | 28 cm |
| 520 ## - SUMMARY, ETC. | |
| Summary, etc. | World History: Student Edition 2012 book is not really ordinary book, you have it then the world is in your hands. The benefit you get by reading this book is actually information inside this reserve incredible fresh, you will get information which is getting deeper an individual read a lot of information you will get. This kind of McDougal Little Middle School World History: Student Edition 2012 without we recognize teach the one who looking at it become critical in imagining and analyzing. Don’t be worry McDougal Little Middle School World History: Student Edition 2012 can bring any time you are and not make your tote space or bookshelves’ grow to be full because you can have it inside your lovely laptop even cell phone. This McDougal Little Middle School World History: Student Edition 2012 having great arrangement in word and layout, so you will not really feel uninterested in reading |
| 650 ## - SUBJECT ADDED ENTRY--TOPICAL TERM | |
| Topical term or geographic name entry element | General & world history |
| 700 ## - ADDED ENTRY--PERSONAL NAME | |
| Personal name | Shek, Richard |
| Relator term | Author |
| 942 ## - ADDED ENTRY ELEMENTS (KOHA) | |
| Source of classification or shelving scheme | Dewey Decimal Classification |
| Koha item type | Books |
| Suppress in OPAC | No |
| Withdrawn status | Lost status | Source of classification or shelving scheme | Damaged status | Not for loan | Collection | Home library | Current library | Shelving location | Date acquired | Total Checkouts | Full call number | Barcode | Date last seen | Price effective from | Koha item type |
|---|---|---|---|---|---|---|---|---|---|---|---|---|---|---|---|
| Dewey Decimal Classification | Non-Fiction | Footprints International School Library Network Toul Kork Campus | Footprints International School Library Network Toul Kork Campus | 03/06/2024 | BUR 930 D21.B87 | 2024-0267 | 03/06/2024 | 03/06/2024 | Books |
